Score 0/10 Timer 10:00
0 Plays Today
area (acres) county % Correct
3669510yorkshire
81.2%
1636450devon
79.7%
1292300Norfolk
65.2%
979000essex
62.3%
1663850lincolnshire
59.4%
977240lancashire
59.4%
969490kent
58%
1165430northumberland
53.6%
1018550hampshire
44.9%
1028090somerset
43.5%
Remove Ads.
Support Sporcle.
Get the best of Sporcle when you Go Orange. This ad-free experience offers more features, more stats, and more fun while also helping to support Sporcle. Thank you for becoming a member.

You're not logged in!

Compare scores with friends on all Sporcle quizzes.
OR
Log In

Show Comments

Extras

Created Dec 17, 2018ReportNominate
Tags:Acre, area, biggest, County

Top Quizzes Today


Score Distribution

Your Account Isn't Verified!

In order to create a playlist on Sporcle, you need to verify the email address you used during registration. Go to your Sporcle Settings to finish the process.

Report this User

Report this user for behavior that violates our Community Guidelines.

Details: